000 00780nam a22002537a 4500
005 20170123162331.0
010 _aA-420132
020 _c80.00
035 _aA-420132
037 _bCen Lib/Ret
040 _aDPL
_bUR
082 _aک
_bل و د
100 _aلودھی، قصر صابر
_9121308
245 _aراوی افسانے /
_cقیصر صابر لودھی
246 _aRawi afsane /
_bby Qisar Sabir Lodhi
260 _aلاہور
_bیونیورسل بکس
_c1989
270 _bلاہور
_a٤٠-اے اردو بازار
300 _a247p.
_c20cm(Hb)
650 _aاردو ادب
_9121309
650 _aاردو افسانے
_9121310
650 _aUrdu literature
_9121311
650 _aUrdu stories
_9121312
942 _2ddc
_cUR
_hک
_mل و د
999 _c107760
_d107760